000 00750nam a2200217Ii 4500
003 JO-AjNU
008 230605s9999||||xx |||||||||||||| ||und||
017 _a2000/4279
020 _a977-01-6636-7
040 _aJO-AjNU
_bara
_erda
_cJO-AjNU
041 _aara
050 1 4 _aPJ6696 .F3 2002
100 3 _aتأليف أبي زكريا يحيى بن زكريا الفراء؛ تحقيق ومراجعة محمد علي النجار,
_eauthor
_926961
245 0 0 _a معاني القرآن 
264 3 1 _aالقاهرة: دار الكتب المصرية، 2002
300 _aج2، 425ص
336 _atext
_btxt
_2rdacontent
337 _aunmediated
_bn
_2rdamedia
338 _avolume
_bnc
_2rdacarrier
650 4 _aقرآن -- تفسير
_926962
999 _aA10282
_c13850
_d13850